000 00609nab a2200193 4500
001 244442
003 OSt
005 20260108125644.0
007 tu
008 260108s2020|||||||
040 _aDE-2950
_cDE-2950
245 0 0 _aEiner, der sich nie verbiegen ließ
_bNachruf. Der Frankfurter Pädagoge, Bürgerrechtler und Politiker Hans Dieter Wachner ist mit 89 Jahren gestorben/
_cjko
264 _c2025
653 _aFrankfurt (Oder)
653 _aNachruf
653 _aHans-Dieter Wachner
773 0 _g36. Jahrgang (2025) Nr. 295 vom 19.12.2025, S. 16 mit Foto
_tMärkische Oderzeitung
942 _2z
_cA
999 _c374175
_d374175